000 00448nam a2200169Ia 4500
003 GCL
008 140319s9999 xx 000 0 eng d
040 _aGCL /
_cGCL
082 0 4 _a612
_bG R
100 1 _aCEANONG, WILLIAM F.
245 1 0 _aREVIEW OF MEDICAL PHYSIOLOGY /
_cCEANONG, WILLIAM F.
260 _a[S.N] :
_bLIBRAIRIE DU LIBAN ،
_c1993
300 _a774 P
650 0 4 _aPHYSIOLOGICAL ASPECTS
650 0 4 _aPHYSIOLOGY
942 _2ddc
_cBK
999 _c19842
_d19842